Thiết kế kết cấu thép trong công trình xây dựng dân dụng và công nghiệp

Những kiến thức về thiết kế công trình xây dựng dân dụng và công nghiệp bằng thép cho các kỹ sư công trình và các bộ kỹ thuật xây dựng..

Guardat en:
Dades bibliogràfiques
Autor principal: Nguyễn Võ Thông (Chủ biên)
Altres autors: Đoàn Định Kiến, Phạm Văn Hội
Format: Llibre
Idioma:Vietnamese
Publicat: H. Xây dựng 2018
Matèries:
Etiquetes: Afegir etiqueta
Sense etiquetes, Sigues el primer a etiquetar aquest registre!
Thư viện lưu trữ: Thư viện Trường Đại học Nam Cần Thơ
LEADER 01830nam a22002657a 4500
001 NCT_63273
008 190418b xxu||||| |||| 00| 0 vie d
999 |c 3061  |d 3061 
020 |a 9786048223809  |c 119000 
082 0 4 |2 23rd ed.  |a 624.1821  |b Th455 
100 1 |a Nguyễn Võ Thông  |e Chủ biên 
245 1 0 |a Thiết kế kết cấu thép trong công trình xây dựng dân dụng và công nghiệp  |c Nguyễn Võ Thông (chủ biên) ; Đoàn Định Kiến, Phạm Văn Hội 
260 |a H.  |b Xây dựng  |c 2018 
300 |a 228 tr.  |b Minh họa  |c 27cm 
520 3 |a Những kiến thức về thiết kế công trình xây dựng dân dụng và công nghiệp bằng thép cho các kỹ sư công trình và các bộ kỹ thuật xây dựng.. 
653 |a Kỹ thuật công trình xây dựng 
700 1 |a Đoàn Định Kiến 
700 1 |a Phạm Văn Hội 
942 |2 ddc  |c BK 
952 |0 0  |1 0  |2 ddc  |4 0  |6 624_182100000000000_TH455  |7 0  |9 16603  |a 000001  |b 000001  |d 2019-04-18  |o 624.1821 Th455  |p MD.15306  |r 2019-04-18  |v 119000.00  |w 2019-04-18  |y BK 
952 |0 0  |1 0  |2 ddc  |4 0  |6 624_182100000000000_TH455  |7 0  |9 16604  |a 000001  |b 000001  |d 2019-04-18  |o 624.1821 Th455  |p MD.15307  |r 2019-04-18  |v 119000.00  |w 2019-04-18  |y BK 
952 |0 0  |1 0  |2 ddc  |4 0  |6 624_182100000000000_TH455  |7 0  |9 16605  |a 000001  |b 000001  |d 2019-04-18  |o 624.1821 Th455  |p MD.15308  |r 2019-04-18  |v 119000.00  |w 2019-04-18  |y BK 
952 |0 0  |1 0  |2 ddc  |4 0  |6 624_182100000000000_TH455  |7 0  |9 16606  |a 000001  |b 000001  |d 2019-04-18  |o 624.1821 Th455  |p MD.15309  |r 2019-04-18  |v 119000.00  |w 2019-04-18  |y BK 
952 |0 0  |1 0  |2 ddc  |4 0  |6 624_182100000000000_TH455  |7 0  |9 16607  |a 000001  |b 000001  |d 2019-04-18  |o 624.1821 Th455  |p MD.15310  |r 2019-04-18  |v 119000.00  |w 2019-04-18  |y BK 
980 |a Thư viện Trường Đại học Nam Cần Thơ